|
|
|
|
| LEADER |
00000nab a2200000 ar4500 |
| 001 |
vtls009349288 |
| 003 |
SK-MaSNL |
| 005 |
20260304212052.0 |
| 008 |
081017c2004 xo ||||||o| ||00 b|slo |
| 015 |
|
|
|a SNBRA2008/10
|2 snkbucl
|
| 038 |
|
|
|a SNKBUCL
|
| 040 |
|
|
|a SNKBUCL
|b slo
|c SNKBUCL
|e AACR2
|
| 041 |
0 |
|
|a slo
|
| 044 |
|
|
|a xo
|c SK
|
| 080 |
|
|
|a 284.1
|x (4)
|x "15"
|x (048)
|2 1997
|
| 080 |
|
|
|a 274/278
|x (4)
|x "15"
|x (048)
|2 1997
|
| 080 |
|
|
|a 27
|x (4)
|x "15"
|x (048)
|2 1997
|
| 080 |
|
|
|a 94(4)
|x "15"
|x (048)
|2 1997
|
| 080 |
|
|
|a 94(411).05
|x (048)
|2 1997
|
| 100 |
1 |
|
|a Lysý, Miroslav,
|d 1979-
|4 aut
|9 28581
|
| 245 |
1 |
0 |
|a Collinson, P.: Reformácia, Bratislava: Slovart 2004, 207 s.
|c Miroslav Lysý
|
| 500 |
|
|
|a Poznámky pod čiarou
|
| 610 |
2 |
7 |
|a Katolícka cirkev
|2 SNKKA
|9 206702
|
| 648 |
|
7 |
|a 16. stor.
|2 snkbucl
|9 293378
|
| 648 |
|
7 |
|a 1542-1603
|2 snkbucl
|9 662356
|
| 650 |
0 |
7 |
|a reformácia
|2 snkbucl
|9 247352
|
| 650 |
0 |
7 |
|a protestantské cirkvi
|2 snkbucl
|9 97919
|
| 650 |
0 |
7 |
|a cirkevné dejiny
|2 snkbucl
|9 3909
|
| 651 |
|
7 |
|a Európa
|2 snkbucl
|9 167569
|
| 651 |
|
7 |
|a Veľká Británia
|x dejiny
|2 snkbucl
|9 67313
|
| 655 |
|
7 |
|a recenzie
|2 snkbucl
|9 21907
|
| 773 |
0 |
|
|t Medea : studia mediaevalia et antiqua. VIII. 2004
|d Bratislava : Stimul, 2004
|g S. 94-95
|z 8088982863
|
| 787 |
0 |
8 |
|i Rec.:
|a Collinson, Patrick
|t Reformácia
|d Bratislava : Slovart, 2004
|z 8071459062
|
| 852 |
|
|
|a SNK
|b KIS3GCP
|
| 958 |
|
|
|a RC
|
| 958 |
|
|
|a GB
|
| 999 |
|
|
|c 3129821
|d 3131751
|